Gorakh - Bani (Record no. 363938)

MARC details
000 -LEADER
fixed length control field 003550000a22001570004500
005 - DATE AND TIME OF LATEST TRANSACTION
control field 20120302065121.0
040 ## - CATALOGING SOURCE
Original cataloging agency MAR
100 ## - MAIN ENTRY--PERSONAL NAME
Personal name Badathwal, Dr.Peetambardatta
245 ## - TITLE STATEMENT
Title Gorakh - Bani
250 ## - EDITION STATEMENT
Edition statement 3rd
260 ## - PUBLICATION, DISTRIBUTION, ETC. (IMPRINT)
Place of publication, distribution, etc Prayag:Hindi Sahitya Sammelan
300 ## - PHYSICAL DESCRIPTION
Extent 266p
365 ## - TRADE PRICE
Price amount 6/-
650 ## - SUBJECT ADDED ENTRY--TOPICAL TERM
Topical term or geographic name as entry element Santavangmay, Gorakshanath
942 ## - ADDED ENTRY ELEMENTS (KOHA)
Koha item type Book
Holdings
Withdrawn status Lost status Damaged status Not for loan Home library Current library Date acquired Total Checkouts Barcode Date last seen Price effective from
        Institute For Oriental Study, Thane Institute For Oriental Study, Thane 12/02/2009   IOS-M 24993 12/02/2009 12/02/2009